[Event "5th Torneo del Vino"]
[Site "Montilla ESP"]
[Date "1975.08.19"]
[Round "1"]
[White "Polugaevsky, Lev"]
[Black "Pfleger, Helmut"]
[Result "0-1"]
[WhiteElo "2645"]
[BlackElo "2540"]
[EventDate "1975.08.19"]
[PlyCount "60"]

1.c4 Nf6 2.Nf3 e6 3.g3 d5 4.Bg2 c5 5.O-O Nc6 6.cxd5 exd5 7.d4 Be7 8.Nc3 
O-O 9.Bg5 c4 10.Ne5 Be6 11.e3 Nd7 12.Bxe7 Nxe7 13.b3 Nxe5 14.dxe5 Qa5 15.
Qe1 Rfd8 16.bxc4 dxc4 17.f4 Rd3 18.Ne4 Qa3 19.Ng5 Rxe3 20.Qb1 Bf5 21.Qxb7 
Rf8 22.Rae1 Rxe1 23.Rxe1 c3 24.Qf3 Rc8 25.g4 Qc5+ 26.Kh1 c2 27.Rc1 Bxg4 
28.Qb3 Qc4 29.Ne4 Qe2 30.Nc3 Rxc3 0-1

[Event "5th Torneo del Vino"]
[Site "Montilla ESP"]
[Date "1975.08.19"]
[Round "1"]
[White "Byrne, Robert"]
[Black "Radulov, Ivan"]
[Result "0-1"]
[WhiteElo "2600"]
[BlackElo "2510"]
[EventDate "1975.08.19"]
[PlyCount "82"]

1.e4 c5 2.Nf3 Nc6 3.d4 cxd4 4.Nxd4 Nf6 5.Nc3 d6 6.Bg5 e6 7.Qd2 a6 8.O-O-O 
Bd7 9.f4 b5 10.Bxf6 gxf6 11.Nxc6 Bxc6 12.Qe3 Be7 13.f5 b4 14.Ne2 e5 15.Ng3
Qa5 16.Bc4 Qc5 17.Qb3 O-O 18.Bd5 a5 19.Rhe1 Rac8 20.Bxc6 Qxc6 21.Re2 Kh8 
22.Nf1 a4 23.Qxb4 Rb8 24.Qd2 d5 25.Qxd5 Qb6 26.c3 Ba3 27.Qd2 Rfd8 28.Qc2 
Bxb2+ 29.Qxb2 Rxd1+ 30.Kxd1 Qxb2 31.Rxb2 Rxb2 32.Ne3 Rxa2 33.c4 Rb2 34.Nc2
Rb3 35.Kd2 a3 36.c5 a2 37.c6 Rb6 38.c7 Rc6 39.Nb4 a1=Q 40.Nxc6 Qb2+ 41.Kd1
Qb7 0-1

[Event "5th Torneo del Vino"]
[Site "Montilla ESP"]
[Date "1975.08.20"]
[Round "2"]
[White "Pfleger, Helmut"]
[Black "Szabo, Laszlo"]
[Result "1/2-1/2"]
[WhiteElo "2540"]
[BlackElo "2545"]
[EventDate "1975.08.19"]
[PlyCount "80"]

1.c4 g6 2.Nc3 Bg7 3.g3 e5 4.Bg2 d6 5.Nf3 Nc6 6.O-O f5 7.d3 Nf6 8.Rb1 a5 9.
a3 Nh5 10.Bg5 Qd7 11.Bd2 O-O 12.b4 axb4 13.axb4 Kh8 14.Nd5 Ne7 15.Ng5 Ra2 
16.Nc3 Ra8 17.f4 Nf6 18.e3 c6 19.b5 exf4 20.gxf4 h6 21.Nf3 c5 22.Qc2 Qc7 
23.e4 fxe4 24.dxe4 Be6 25.Nd5 Bxd5 26.cxd5 Nh5 27.Nh4 Qd7 28.e5 Qg4 29.
exd6 Bd4+ 30.Kh1 Nf5 31.Nxf5 gxf5 32.Bf3 Qh3 33.Bxh5 Rg8 34.Bc3 Bxc3 35.
Rf3 Qxh5 36.Qxc3+ Kh7 37.Re1 Rae8 38.Rfe3 Re4 39.d7 Rd8 40.Rxe4 fxe4 
1/2-1/2

[Event "5th Torneo del Vino"]
[Site "Montilla ESP"]
[Date "1975.08.20"]
[Round "2"]
[White "Kavalek, Lubomir"]
[Black "Medina Garcia, Antonio Angel"]
[Result "1-0"]
[WhiteElo "2555"]
[BlackElo "2345"]
[EventDate "1975.08.19"]
[PlyCount "114"]

1.Nf3 Nf6 2.c4 e6 3.g3 d5 4.Bg2 Be7 5.O-O O-O 6.d4 Nbd7 7.Qc2 b6 8.Nc3 Bb7
9.cxd5 Nxd5 10.Nxd5 exd5 11.Rd1 Bd6 12.Bg5 f6 13.Bf4 Bxf4 14.gxf4 Rf7 15.
b4 Nf8 16.e3 Qd6 17.b5 a5 18.h4 Kh8 19.Rac1 Re8 20.Bh3 g6 21.Rd3 Rg7 22.
Rc3 Ree7 23.Kf1 Qd8 24.Ke2 h6 25.Rg1 Qd6 26.Kd2 Qd8 27.Rg3 Rg8 28.Nh2 Qd6 
29.a3 Rgg7 30.Kc1 Ref7 31.Kb2 Qd8 32.Nf3 Qe8 33.Bf1 Re7 34.Bd3 Kg8 35.Qb3 
Kh8 36.Rc1 c6 37.Ka2 cxb5 38.Bxb5 Qd8 39.Bd3 Rg8 40.Rb1 Re6 41.f5 gxf5 42.
Rxg8+ Kxg8 43.Bxf5 Rd6 44.e4 a4 45.Qe3 dxe4 46.Qxh6 Kf7 47.Rg1 Bd5+ 48.Kb2
Ke8 49.Rg7 Bf7 50.Bxe4 Qd7 51.Bd3 Qc6 52.Qe3+ Re6 53.Qf4 Nd7 54.Qf5 Re7 
55.Bb5 Qd6 56.Rh7 Kd8 57.Rh8+ Be8 1-0

[Event "5th Torneo del Vino"]
[Site "Montilla ESP"]
[Date "1975.08.20"]
[Round "2"]
[White "Bellon Lopez, Juan Manuel"]
[Black "Byrne, Robert"]
[Result "1-0"]
[WhiteElo "2415"]
[BlackElo "2600"]
[EventDate "1975.08.19"]
[PlyCount "47"]

1.Nf3 d5 2.b3 Bf5 3.Bb2 e6 4.g3 h6 5.Bg2 Nf6 6.O-O Be7 7.d3 O-O 8.Nbd2 c5 
9.c4 Nc6 10.cxd5 exd5 11.Rc1 Qb6 12.e4 dxe4 13.dxe4 Nxe4 14.Nh4 Bxh4 15.
Nxe4 Be7 16.Nc3 Be6 17.Qh5 Nb4 18.Na4 Qb5 19.Nxc5 Rac8 20.Bxg7 Rxc5 21.
Rxc5 Qxc5 22.Qxh6 f6 23.Bxf8 Bxf8 24.Qg6+ 1-0

[Event "5th Torneo del Vino"]
[Site "Montilla ESP"]
[Date "1975.08.??"]
[Round "3"]
[White "Byrne, Robert"]
[Black "Polugaevsky, Lev"]
[Result "0-1"]
[WhiteElo "2600"]
[BlackElo "2645"]
[EventDate "1975.08.19"]
[PlyCount "80"]

1.e4 c5 2.Nf3 d6 3.d4 cxd4 4.Nxd4 Nf6 5.Nc3 a6 6.Be3 e6 7.Be2 Be7 8.g4 b5 
9.g5 Nfd7 10.f4 b4 11.Na4 Bb7 12.Bf3 Nc6 13.h4 O-O 14.O-O Nxd4 15.Bxd4 e5 
16.fxe5 dxe5 17.Bf2 Bc6 18.c3 Qa5 19.b3 Rfd8 20.cxb4 Qxb4 21.Qe1 Qb7 22.
Qe3 Bxa4 23.bxa4 Bc5 24.Qe2 Bxf2+ 25.Qxf2 Nf8 26.Rab1 Qe7 27.Bh5 Ng6 28.
Bxg6 hxg6 29.Rbd1 Qe6 30.Kh2 Rac8 31.Rxd8+ Rxd8 32.Qe2 Rd4 33.a5 Ra4 34.
Rf2 Rxa5 35.Kg3 Ra3+ 36.Rf3 Rxa2 37.Qd3 Qb6 38.Qf1 Qb2 39.Kg4 Qh2 40.Rg3 
Rf2 0-1

[Event "5th Torneo del Vino"]
[Site "Montilla ESP"]
[Date "1975.08.??"]
[Round "3"]
[White "Medina Garcia, Antonio Angel"]
[Black "Radulov, Ivan"]
[Result "0-1"]
[WhiteElo "2345"]
[BlackElo "2510"]
[EventDate "1975.08.19"]
[PlyCount "76"]

1.e4 c5 2.Nf3 Nc6 3.d4 cxd4 4.Nxd4 Nf6 5.Nc3 d6 6.Bc4 Qb6 7.Nb3 e6 8.O-O 
Be7 9.Be3 Qc7 10.f4 a6 11.Bd3 b5 12.a4 b4 13.Nb1 O-O 14.N1d2 e5 15.f5 d5 
16.a5 Bb7 17.Bb6 Qc8 18.Qe2 Re8 19.Rae1 Nb8 20.Kh1 Nbd7 21.Bg1 Qc7 22.h3 
Bd6 23.exd5 Nxd5 24.Ne4 N7f6 25.Nbd2 Bf8 26.Nc4 Rac8 27.Nb6 Nxe4 28.Bxe4 
Nf4 29.Qf3 Bxe4 30.Qxe4 Rcd8 31.Bh2 Nh5 32.Qc4 Qb7 33.Re2 Nf4 34.Qe4 Qb8 
35.Ree1 Bc5 36.Qc4 Qd6 37.Qxa6 Nxh3 38.Qe2 Qc6 0-1

[Event "5th Torneo del Vino"]
[Site "Montilla ESP"]
[Date "1975.08.??"]
[Round "4"]
[White "Radulov, Ivan"]
[Black "Szabo, Laszlo"]
[Result "1-0"]
[WhiteElo "2510"]
[BlackElo "2545"]
[EventDate "1975.08.19"]
[PlyCount "89"]

1.e4 e6 2.d4 d5 3.Nd2 Nc6 4.Ngf3 Nf6 5.e5 Nd7 6.c3 f6 7.exf6 Qxf6 8.Bb5 
Bd6 9.Nf1 e5 10.dxe5 Ncxe5 11.Nxe5 Qxe5+ 12.Qe2 c6 13.Bd3 Nc5 14.Qxe5+ 
Bxe5 15.Bc2 d4 16.cxd4 Bxd4 17.Rb1 Be6 18.b3 O-O-O 19.Ne3 Bc3+ 20.Ke2 Bf7 
21.Rd1 Ne6 22.Bb2 Bxb2 23.Rxb2 Bh5+ 24.f3 Nf4+ 25.Kf2 Rxd1 26.Nxd1 Rd8 27.
Ne3 Rd2+ 28.Kg3 Nd3 29.Nc4 Nxb2 30.Nxd2 h6 31.Kf4 Kd7 32.Ke5 c5 33.g4 Bf7 
34.f4 a5 35.Ne4 c4 36.Kd4 Nd3 37.Bxd3 cxd3 38.Nc5+ Kd6 39.Nxd3 a4 40.Ne5 
Be6 41.Nc4+ Ke7 42.f5 axb3 43.axb3 Bf7 44.b4 g6 45.Ne5 1-0

[Event "5th Torneo del Vino"]
[Site "Montilla ESP"]
[Date "1975.08.??"]
[Round "4"]
[White "Bellon Lopez, Juan Manuel"]
[Black "Medina Garcia, Antonio Angel"]
[Result "1-0"]
[WhiteElo "2415"]
[BlackElo "2345"]
[EventDate "1975.08.19"]
[PlyCount "77"]

1.b3 Nf6 2.Bb2 b6 3.d3 Bb7 4.Nd2 d6 5.e4 e5 6.g3 Nc6 7.Bg2 Be7 8.Nc4 h5 9.
Nf3 a5 10.a3 Nd7 11.h4 Nc5 12.Ne3 Bf6 13.Nd5 Ne7 14.Nxf6+ gxf6 15.Nd2 Ne6 
16.Bf3 Ng7 17.d4 exd4 18.Bxd4 Nc6 19.Nc4 Qe7 20.Bb2 O-O-O 21.Ne3 Ne5 22.
Bg2 Kb8 23.Qe2 Rhe8 24.O-O-O Qf8 25.Nd5 Qh8 26.f4 Qh6 27.Qd2 Ng4 28.Qc3 
Ne6 29.Nxf6 Nxf6 30.Qxf6 Qh7 31.Rhe1 Nc5 32.f5 Rd7 33.Qd4 Rde7 34.f6 Re6 
35.b4 axb4 36.axb4 Nxe4 37.Bh3 Qh6+ 38.Qe3 Qxe3+ 39.Rxe3 1-0

[Event "5th Torneo del Vino"]
[Site "Montilla ESP"]
[Date "1975.08.??"]
[Round "4"]
[White "Polugaevsky, Lev"]
[Black "Csom, Istvan"]
[Result "1-0"]
[WhiteElo "2645"]
[BlackElo "2530"]
[EventDate "1975.08.19"]
[PlyCount "87"]

1.d4 Nf6 2.c4 e6 3.Nf3 d5 4.g3 dxc4 5.Bg2 Nbd7 6.O-O Be7 7.Nbd2 c5 8.Nxc4 
O-O 9.Qc2 a6 10.Rd1 cxd4 11.Nxd4 Qc7 12.Bf4 Qc5 13.Rac1 Ng4 14.h3 e5 15.
hxg4 exf4 16.gxf4 Nb6 17.Ne3 Qxc2 18.Rxc2 g6 19.Bxb7 Bxb7 20.Rc7 Rfe8 21.
Rxb7 Bc5 22.b4 Re7 23.Rxe7 Bxe7 24.Nc6 Bf8 25.a3 Rc8 26.Ne5 h6 27.Nd5 Na4 
28.g5 hxg5 29.fxg5 Kg7 30.Nf6 Nb6 31.Nfd7 Re8 32.f4 Nxd7 33.Rxd7 Be7 34.
Nc6 Bf8 35.Kf2 Re6 36.Nd8 Rd6 37.Rxd6 Bxd6 38.Kf3 f6 39.Nb7 Be7 40.gxf6+ 
Kxf6 41.Nc5 a5 42.Ne4+ Ke6 43.bxa5 Kd5 44.a4 1-0

[Event "5th Torneo del Vino"]
[Site "Montilla ESP"]
[Date "1975.08.??"]
[Round "5"]
[White "Medina Garcia, Antonio Angel"]
[Black "Polugaevsky, Lev"]
[Result "1/2-1/2"]
[WhiteElo "2345"]
[BlackElo "2645"]
[EventDate "1975.08.19"]
[PlyCount "94"]

1.e4 c5 2.Nc3 d6 3.g3 Nc6 4.Bg2 g6 5.d3 Bg7 6.f4 e6 7.Nf3 Nge7 8.O-O O-O 
9.Be3 Nd4 10.Qd2 Rb8 11.Bf2 Nec6 12.Nh4 Qa5 13.g4 f5 14.gxf5 exf5 15.Bg3 
Bd7 16.Rae1 Rbe8 17.Qd1 Ne7 18.a3 Bc6 19.Kh1 Qb6 20.Qc1 Qd8 21.Nd1 fxe4 
22.dxe4 d5 23.c3 Nb3 24.Qc2 c4 25.e5 Nc5 26.Nf2 Bd7 27.Qd2 Be6 28.Rd1 Kh8 
29.Nf3 Nf5 30.Nd4 Nxd4 31.cxd4 Nb3 32.Qc3 Qd7 33.Rde1 Rf7 34.Nd1 Ref8 35.
Rf2 b5 36.Ref1 a5 37.Ne3 b4 38.axb4 axb4 39.Qxb4 Nxd4 40.Rd1 Nc6 41.Qc5 
Nxe5 42.fxe5 Rxf2 43.Bxf2 Rxf2 44.Bxd5 Bxd5+ 45.Rxd5 Qf7 46.Rd8+ Bf8 47.e6
Qf4 1/2-1/2

[Event "5th Torneo del Vino"]
[Site "Montilla ESP"]
[Date "1975.08.??"]
[Round "5"]
[White "Szabo, Laszlo"]
[Black "Bellon Lopez, Juan Manuel"]
[Result "0-1"]
[WhiteElo "2545"]
[BlackElo "2415"]
[EventDate "1975.08.19"]
[PlyCount "58"]

1.d4 Nf6 2.c4 c5 3.d5 b5 4.cxb5 a6 5.bxa6 Bxa6 6.Nc3 d6 7.Nf3 g6 8.g3 Bg7 
9.Bh3 Nbd7 10.O-O Nb6 11.Re1 O-O 12.Bf4 Nfd7 13.Qc1 Bb7 14.e4 Nc4 15.Bxd7 
Qxd7 16.b3 Na3 17.Bh6 Nc2 18.Qxc2 Bxh6 19.Nd2 f5 20.e5 dxe5 21.Nc4 f4 22.
Nxe5 Qh3 23.Nxg6 f3 24.Nh4 Bg5 25.Nxf3 Rxf3 26.Rad1 Ra6 27.Re5 Bf6 28.Re3 
Rxe3 29.fxe3 Bxc3 0-1

[Event "5th Torneo del Vino"]
[Site "Montilla ESP"]
[Date "1975.08.??"]
[Round "5"]
[White "Kavalek, Lubomir"]
[Black "Radulov, Ivan"]
[Result "1/2-1/2"]
[WhiteElo "2555"]
[BlackElo "2510"]
[EventDate "1975.08.19"]
[PlyCount "75"]

1.Nf3 d5 2.g3 c5 3.Bg2 Nc6 4.d4 cxd4 5.Nxd4 Nf6 6.O-O e5 7.Nxc6 bxc6 8.c4 
Be7 9.Nc3 e4 10.Qa4 Bd7 11.Qa6 O-O 12.Rd1 Bc5 13.cxd5 cxd5 14.Nxd5 Ng4 15.
Be3 Nxe3 16.Nxe3 Bxe3 17.Bxe4 Rb8 18.fxe3 Qe7 19.Rd4 Bf5 20.Qd3 Bxe4 21.
Rxe4 Qf6 22.Rb1 Rxb2 23.Rxb2 Qxb2 24.Ra4 Qb6 25.Ra6 Qb7 26.Rd6 g6 27.e4 
Re8 28.Rd5 Qb4 29.Rd4 Qe1+ 30.Kg2 Re6 31.Qd2 Qxd2 32.Rxd2 Rxe4 33.Kf3 Ra4 
34.h4 Kg7 35.e3 h6 36.Rc2 g5 37.hxg5 hxg5 38.g4 1/2-1/2

[Event "5th Torneo del Vino"]
[Site "Montilla ESP"]
[Date "1975.08.25"]
[Round "6"]
[White "Polugaevsky, Lev"]
[Black "Szabo, Laszlo"]
[Result "1-0"]
[WhiteElo "2645"]
[BlackElo "2545"]
[EventDate "1975.08.19"]
[PlyCount "81"]

1.Nf3 g6 2.e4 Bg7 3.d4 d6 4.Nc3 c6 5.a4 Nf6 6.Be2 O-O 7.O-O a5 8.h3 Qc7 9.
Be3 e5 10.Qd2 exd4 11.Nxd4 Re8 12.f3 Na6 13.Rad1 Nb4 14.Bc4 Bd7 15.Bb3 d5 
16.Qf2 Rac8 17.Nde2 Be6 18.Bb6 Qe7 19.Nf4 dxe4 20.Bc5 Qc7 21.Nxe6 e3 22.
Qxe3 fxe6 23.Bxe6+ Kh8 24.Bd6 Qf7 25.Bxf7 Rxe3 26.Kf2 Bh6 27.f4 Nxc2 28.
Bb3 Ne4+ 29.Nxe4 Rxb3 30.Be5+ Bg7 31.Rd7 Bxe5 32.fxe5 Rb4 33.Nf6 Rh4 34.
Rfd1 Nb4 35.g3 Rh6 36.Rd8+ Rxd8 37.Rxd8+ Kg7 38.Rd7+ Kh8 39.Ng4 Rh5 40.e6 
Rf5+ 41.Ke2 1-0

[Event "5th Torneo del Vino"]
[Site "Montilla ESP"]
[Date "1975.08.25"]
[Round "6"]
[White "Toran Albero, Roman"]
[Black "Medina Garcia, Antonio Angel"]
[Result "1/2-1/2"]
[WhiteElo "2440"]
[BlackElo "2345"]
[EventDate "1975.08.19"]
[PlyCount "32"]

1.Nf3 Nf6 2.c4 e6 3.g3 d5 4.b3 Be7 5.Bg2 O-O 6.O-O c5 7.Bb2 Nc6 8.cxd5 
exd5 9.d4 Bg4 10.Ne5 Bh5 11.dxc5 Bxc5 12.Nd3 Bd6 13.Nc3 Re8 14.Re1 Qa5 15.
Na4 Ne4 16.Rc1 Rad8 1/2-1/2

[Event "5th Torneo del Vino"]
[Site "Montilla ESP"]
[Date "1975.08.25"]
[Round "6"]
[White "Byrne, Robert"]
[Black "Csom, Istvan"]
[Result "1/2-1/2"]
[WhiteElo "2600"]
[BlackElo "2530"]
[EventDate "1975.08.19"]
[PlyCount "34"]

1.e4 c5 2.Nf3 Nc6 3.d4 cxd4 4.Nxd4 Nf6 5.Nc3 d6 6.Bg5 e6 7.Qd2 a6 8.O-O-O 
h6 9.Bf4 Bd7 10.Nxc6 Bxc6 11.Qe1 Qa5 12.Bc4 Be7 13.Bb3 Qc7 14.e5 dxe5 15.
Bxe5 Qc8 16.f4 O-O 17.Qg3 Rd8 1/2-1/2

[Event "5th Torneo del Vino"]
[Site "Montilla ESP"]
[Date "1975.08.27"]
[Round "7"]
[White "Medina Garcia, Antonio Angel"]
[Black "Byrne, Robert"]
[Result "0-1"]
[WhiteElo "2345"]
[BlackElo "2600"]
[EventDate "1975.08.19"]
[PlyCount "72"]

1.e4 e6 2.d4 d5 3.Nd2 c5 4.Ngf3 Nc6 5.exd5 exd5 6.Bb5 Bd6 7.dxc5 Bxc5 8.
O-O Ne7 9.Nb3 Bd6 10.Bg5 O-O 11.Re1 h6 12.Bh4 Bg4 13.c3 Re8 14.Nbd4 Qb6 
15.Qa4 Bxf3 16.Nxf3 Nf5 17.b3 Nxh4 18.Nxh4 Bc5 19.Rxe8+ Rxe8 20.Nf5 Bxf2+ 
21.Kh1 Re4 22.b4 Be1 23.Bd3 Bxc3 24.Rf1 Qxb4 25.Qd1 Rf4 26.g3 Rxf1+ 27.
Qxf1 Be5 28.Qf3 Qe1+ 29.Kg2 Qd2+ 30.Kh3 g6 31.Nh4 Nd4 32.Qxd5 Qxd3 33.Qxe5
Qf1+ 34.Ng2 Nf3 35.Qb8+ Kg7 36.Qxa7 Ng1+ 0-1

[Event "5th Torneo del Vino"]
[Site "Montilla ESP"]
[Date "1975.08.28"]
[Round "8"]
[White "Polugaevsky, Lev"]
[Black "Radulov, Ivan"]
[Result "1/2-1/2"]
[WhiteElo "2645"]
[BlackElo "2510"]
[EventDate "1975.08.19"]
[PlyCount "102"]

1.c4 Nf6 2.Nc3 e6 3.d4 d5 4.Bg5 Be7 5.e3 O-O 6.Nf3 Nbd7 7.Rc1 c6 8.Bd3 h6 
9.Bh4 dxc4 10.Bxc4 Ne8 11.Bxe7 Qxe7 12.O-O Nd6 13.Bb3 e5 14.e4 exd4 15.
Qxd4 Ne8 16.Rfd1 Nc5 17.Nd5 cxd5 18.Rxc5 Qxe4 19.Bxd5 Qxd4 20.Nxd4 Nf6 21.
Bb3 Bd7 22.Rc7 Rab8 23.h3 Rfe8 24.g4 Kf8 25.Nb5 Be6 26.Bxe6 Rxe6 27.Nxa7 
Ne8 28.Rc3 Ra6 29.Nb5 Rxa2 30.Rb3 Ra6 31.Rd4 Rb6 32.Rdb4 Rc8 33.Kg2 Rc2 
34.Nd4 Rxb4 35.Rxb4 Rd2 36.Nf5 Rd7 37.Rc4 f6 38.Rc8 h5 39.gxh5 Rd5 40.Ng3 
Rb5 41.Rc2 Nd6 42.Kf3 Rb4 43.Ne2 Nc4 44.Nf4 b5 45.Nd3 Ne5+ 46.Nxe5 fxe5 
47.Re2 Kf7 48.Rxe5 Rxb2 49.Rf5+ Kg8 50.Kg4 Kh7 51.Kg5 Rb1 1/2-1/2

[Event "5th Torneo del Vino"]
[Site "Montilla ESP"]
[Date "1975.08.28"]
[Round "8"]
[White "Toran Albero, Roman"]
[Black "Kavalek, Lubomir"]
[Result "0-1"]
[WhiteElo "2440"]
[BlackElo "2555"]
[EventDate "1975.08.19"]
[PlyCount "62"]

1.Nf3 Nf6 2.d4 g6 3.c4 Bg7 4.Nc3 O-O 5.e4 d6 6.Be2 e5 7.O-O Nc6 8.d5 Ne7 
9.Ne1 Nd7 10.Nd3 f5 11.exf5 Nxf5 12.f3 c6 13.Nf2 cxd5 14.cxd5 Qb6 15.Kh1 
Nf6 16.Nfe4 Bd7 17.Bd3 Rac8 18.Bg5 Nxe4 19.Nxe4 h6 20.Bc1 Rf7 21.Qb3 Qd4 
22.Bb5 Bxb5 23.Qxb5 Qc4 24.Qxc4 Rxc4 25.Bd2 Rd4 26.Rfd1 Rxd5 27.Bb4 Rxd1+ 
28.Rxd1 Bf8 29.g4 Ne3 30.Rd3 Rxf3 31.Nd2 Rf4 0-1

[Event "5th Torneo del Vino"]
[Site "Montilla ESP"]
[Date "1975.08.28"]
[Round "8"]
[White "Byrne, Robert"]
[Black "Szabo, Laszlo"]
[Result "0-1"]
[WhiteElo "2600"]
[BlackElo "2545"]
[EventDate "1975.08.19"]
[PlyCount "82"]

1.e4 e6 2.d4 d5 3.Nc3 Bb4 4.e5 c5 5.a3 Bxc3+ 6.bxc3 Ne7 7.a4 Qa5 8.Bd2 c4 
9.Nh3 Bd7 10.Qh5 h6 11.Be2 Nbc6 12.g4 g6 13.Qh4 O-O-O 14.Qf6 Rh7 15.Qf4 
Rf8 16.O-O f6 17.exf6 Ng8 18.Rfb1 Rxf6 19.Qe3 g5 20.f4 Qc7 21.Qg3 Rg6 22.
Rf1 Nf6 23.fxg5 Qxg3+ 24.hxg3 Ne4 25.Rf8+ Nd8 26.Be1 hxg5 27.Kg2 Bc6 28.
Ng1 Rgh6 29.Nf3 Kd7 30.Ne5+ Ke7 31.Rf1 Rh2+ 32.Kf3 Nf7 33.Nxc6+ bxc6 34.
Bxc4 Nfd6 35.Bd3 Rf7+ 36.Ke3 Nf6 37.Be2 Nxg4+ 38.Kd3 Rxf1 39.Bxf1 Nc4 40.
Rb1 e5 41.dxe5 c5 0-1

[Event "5th Torneo del Vino"]
[Site "Montilla ESP"]
[Date "1975.08.28"]
[Round "8"]
[White "Csom, Istvan"]
[Black "Medina Garcia, Antonio Angel"]
[Result "1-0"]
[WhiteElo "2530"]
[BlackElo "2345"]
[EventDate "1975.08.19"]
[PlyCount "71"]

1.Nf3 Nf6 2.c4 e6 3.b3 d5 4.Bb2 Be7 5.cxd5 exd5 6.e3 O-O 7.Be2 Re8 8.O-O 
Bf5 9.a3 Nc6 10.d3 h6 11.b4 Bd6 12.Nbd2 Qe7 13.Qb3 Rad8 14.b5 Nb8 15.Nd4 
Bh7 16.a4 Nbd7 17.Rfc1 Ne5 18.Ba3 Nfg4 19.Bxg4 Nxg4 20.Bxd6 Rxd6 21.Nf1 h5
22.Rc3 h4 23.h3 Nh6 24.Rac1 Rc8 25.Nh2 Bg6 26.Qb4 f5 27.Qa5 Rd7 28.Qxa7 
Rf8 29.Qc5 Qf6 30.Ndf3 Ra8 31.Qb4 f4 32.exf4 d4 33.Rxc7 Qxf4 34.Rxd7 Qxc1+
35.Nf1 Nf5 36.Nxd4 1-0

[Event "5th Torneo del Vino"]
[Site "Montilla ESP"]
[Date "1975.08.29"]
[Round "9"]
[White "Medina Garcia, Antonio Angel"]
[Black "Pfleger, Helmut"]
[Result "0-1"]
[WhiteElo "2345"]
[BlackElo "2540"]
[EventDate "1975.08.19"]
[PlyCount "106"]

1.e4 d6 2.Nc3 Nf6 3.g3 g6 4.Bg2 Bg7 5.d3 c5 6.f4 Nc6 7.Nf3 O-O 8.O-O Rb8 
9.Nh4 Nd4 10.f5 b5 11.Bg5 b4 12.Ne2 Nd7 13.Rb1 Nxe2+ 14.Qxe2 Rb6 15.Bh3 
Ne5 16.Qd2 Ra6 17.Ra1 Re8 18.Bh6 Bh8 19.Rf2 d5 20.exd5 Qxd5 21.Raf1 Qxa2 
22.b3 Qb2 23.Be3 Rc6 24.Bg2 Rc7 25.Qe2 Bf6 26.Be4 Qc3 27.Ng2 Bb7 28.fxg6 
hxg6 29.Nf4 Rd8 30.h4 Rd6 31.Bxb7 Rxb7 32.Nh3 Bg7 33.Ng5 f5 34.Bf4 Rdb6 
35.Kh1 Qd4 36.Re1 Ng4 37.Rg2 e5 38.Nf3 Qd5 39.Bc1 Re7 40.Bg5 Ree6 41.Nd2 
Re8 42.Kg1 Rbe6 43.Rd1 a5 44.Qf1 e4 45.dxe4 fxe4 46.Qe2 Qd4+ 47.Kh1 e3 48.
Nf3 Qe4 49.Rd8 c4 50.Rxe8+ Rxe8 51.Bf4 cxb3 52.cxb3 Rc8 53.Ng1 Rc2 0-1

[Event "5th Torneo del Vino"]
[Site "Montilla ESP"]
[Date "1975.08.29"]
[Round "9"]
[White "Radulov, Ivan"]
[Black "Toran Albero, Roman"]
[Result "1/2-1/2"]
[WhiteElo "2510"]
[BlackElo "2440"]
[EventDate "1975.08.19"]
[PlyCount "28"]

1.e4 c5 2.Nf3 e6 3.d4 cxd4 4.Nxd4 a6 5.Nc3 b5 6.Bd3 Ne7 7.O-O Nec6 8.Nce2 
Bb7 9.a4 b4 10.Be3 d6 11.Qd2 Be7 12.Rfd1 O-O 13.h3 Nxd4 14.Nxd4 Qc7 
1/2-1/2

[Event "5th Torneo del Vino"]
[Site "Montilla ESP"]
[Date "1975.08.29"]
[Round "9"]
[White "Bellon Lopez, Juan Manuel"]
[Black "Polugaevsky, Lev"]
[Result "0-1"]
[WhiteElo "2415"]
[BlackElo "2645"]
[EventDate "1975.08.19"]
[PlyCount "82"]

1.c4 e5 2.g3 d6 3.Bg2 g6 4.d4 Nd7 5.b3 Bg7 6.Bb2 Ngf6 7.e4 O-O 8.dxe5 dxe5
9.Nc3 c6 10.Nf3 Qc7 11.Qc2 Nc5 12.O-O Re8 13.b4 Ne6 14.Na4 Nd7 15.Rfd1 b6 
16.Bh3 Ndf8 17.Bf1 h6 18.h4 f5 19.Rd2 f4 20.Nc3 fxg3 21.fxg3 Nd4 22.Nxd4 
exd4 23.Ne2 Bg4 24.c5 Bxe2 25.Qb3+ Kh8 26.Rxe2 bxc5 27.bxc5 Nd7 28.e5 Nxe5
29.Rae1 Rab8 30.Qa3 Rf8 31.Bg2 Nc4 32.Qd3 Nxb2 33.Qxg6 Qf7 34.Qxc6 d3 35.
Bd5 Qf6 36.Re6 d2 37.Ra1 Qd4+ 38.Kh2 Rf6 39.Qd6 Rbf8 40.Rf1 d1=Q 41.Rfxf6 
Qxf6 0-1